[Event "EU-ch U12"]
[Site "Bratislava"]
[Date "2019.08.08"]
[Round "7"]
[White "Gregoric, Andraz"]
[Black "Cohen, Elad"]
[Result "1/2-1/2"]
[WhiteElo "1765"]
[BlackElo "1964"]
[PlyCount "200"]
[EventDate "2019.08.02"]
[EventType "swiss"]
[EventRounds "9"]
[EventCountry "SVK"]
[SourceTitle "EXT 2020"]
[Source "ChessBase"]
[SourceDate "2019.10.17"]
[SourceVersion "1"]
[SourceVersionDate "2019.10.17"]
[SourceQuality "1"]

1. e4 e5 2. Nf3 Nc6 3. Bb5 Nf6 4. Qe2 Bc5 5. c3 0-0 6. 0-0 d6 7. h3 Re8 8. d3 a6 9. Ba4 b5 10. Bb3 h6 11. Be3 Bxe3 12. fxe3 Be6 13. Nbd2 d5 14. Rad1 Qe7 15. Qf2 dxe4 16. Nxe4 Nxe4 17. dxe4 Bxb3 18. axb3 Red8 19. Rd5 Rxd5 20. exd5 Na5 21. b4 Nc4 22. e4 Rd8 23. Ra1 f5 24. exf5 e4 25. Nd4 e3 26. Qe2 Rxd5 27. Rxa6 Rxd4 28. cxd4 Qe4 29. f6 Qxd4 30. Ra8+ Kf7 31. fxg7 Kxg7 32. Qg4+ Qxg4 33. hxg4 Nxb2 34. Kf1 Nd3 35. Ra7 Nxb4 36. Rxc7+ Kg6 37. Rb7 Nc2 38. Rb6+ Kg7 39. Ke2 b4 40. Kd3 Ne1+ 41. Kxe3 Nxg2+ 42. Ke4 Nh4 43. Rxb4 Kf6 44. Rb5 Ng6 45. Rh5 Kg7 46. Kf5 Nf8 47. Rh2 Ng6 48. Rh1 Ne7+ 49. Ke6 Ng6 50. Rh2 Nf4+ 51. Kf5 Ng6 52. Rh5 Nf8 53. g5 hxg5 54. Rxg5+ Kf7 55. Rh5 Ke7 56. Rh1 Kd6 57. Re1 Nd7 58. Re6+ Kd5 59. Re2 Nc5 60. Rd2+ Kc4 61. Ke5 Nd3+ 62. Ke4 Nc5+ 63. Ke3 Ne6 64. Rd1 Nc5 65. Rd4+ Kb5 66. Rh4 Kc6 67. Kd4 Ne6+ 68. Kc4 Kd6 69. Rh1 Ke5 70. Rf1 Kd6 71. Rf5 Nc7 72. Rc5 Ne6 73. Rd5+ Ke7 74. Rd1 Kf6 75. Kd5 Nf4+ 76. Kd6 Kf5 77. Rg1 Ke4 78. Rg4 Kf5 79. Rg8 Ke4 80. Rf8 Nd3 81. Re8+ Kd4 82. Re2 Nf4 83. Rd2+ Ke4 84. Ra2 Kf5 85. Ra5+ Ke4 86. Ra4+ Kf5 87. Rd4 Ng6 88. Rd5+ Ke4 89. Rh5 Nf4 90. Rh4 Kf5 91. Rh8 Ke4 92. Rf8 Nd3 93. Ra8 Nf4 94. Ra5 Ng6 95. Rd5 Nf4 96. Re5+ Kd4 97. Re1 Nd3 98. Ra1 Ke4 99. Ra4+ Kf5 100. Rd4 Nf4 1/2-1/2

[Event "EU-ch U12"]
[Site "Bratislava"]
[Date "2019.08.06"]
[Round "5"]
[White "Shatil, Shir"]
[Black "Cohen, Elad"]
[Result "1/2-1/2"]
[WhiteElo "1672"]
[BlackElo "1964"]
[PlyCount "76"]
[EventDate "2019.08.02"]
[EventType "swiss"]
[EventRounds "9"]
[EventCountry "SVK"]
[SourceTitle "EXT 2020"]
[Source "ChessBase"]
[SourceDate "2019.10.17"]
[SourceVersion "1"]
[SourceVersionDate "2019.10.17"]
[SourceQuality "1"]

1. d4 Nf6 2. c4 e6 3. Nc3 Bb4 4. e3 0-0 5. Bd3 d5 6. Nf3 dxc4 7. Bxc4 c5 8. 0-0 cxd4 9. exd4 b6 10. Bg5 Bb7 11. Qe2 Nbd7 12. Ne5 Qc7 13. Nb5 Qd8 14. Bxf6 Nxf6 15. a3 Be7 16. Rad1 Bd5 17. Bxd5 Nxd5 18. Nc6 Qd7 19. Nxe7+ Qxe7 20. Qe5 a6 21. Nd6 Rfd8 22. Ne4 Rac8 23. Rc1 h6 24. Rfd1 Qd7 25. Qg3 Qa4 26. Qd3 Rxc1 27. Rxc1 Nf4 28. Qf1 Qxd4 29. Nc3 b5 30. Rd1 Qb6 31. Rxd8+ Qxd8 32. Qd1 Qg5 33. g3 Nd5 34. Ne2 Qg4 35. Qc2 b4 36. Qc8+ Kh7 37. Qxa6 Qe4 38. Nc1 g6 1/2-1/2

[Event "EU-ch U12"]
[Site "Bratislava"]
[Date "2019.08.05"]
[Round "4"]
[White "Cohen, Elad"]
[Black "Janous, Marek"]
[Result "1/2-1/2"]
[WhiteElo "1964"]
[BlackElo "1787"]
[PlyCount "78"]
[EventDate "2019.08.02"]
[EventType "swiss"]
[EventRounds "9"]
[EventCountry "SVK"]
[SourceTitle "EXT 2020"]
[Source "ChessBase"]
[SourceDate "2019.10.17"]
[SourceVersion "1"]
[SourceVersionDate "2019.10.17"]
[SourceQuality "1"]

1. e4 c5 2. Nf3 Nc6 3. d4 cxd4 4. Nxd4 g6 5. c4 Bg7 6. Be3 Nf6 7. Nc3 d6 8. Be2 0-0 9. 0-0 Re8 10. Qd2 a6 11. Rad1 Nxd4 12. Bxd4 Be6 13. f3 Rc8 14. Nd5 Bxd5 15. exd5 Nd7 16. Bxg7 Kxg7 17. f4 Qb6+ 18. Kh1 Nf6 19. f5 a5 20. a3 a4 21. g4 h6 22. Qc3 g5 23. Kg2 Qb3 24. Qxb3 axb3 25. Rf3 Nxg4 26. Rxb3 Ne5 27. Rxb7 Nxc4 28. Kf2 Kf6 29. a4 Ne5 30. a5 Rc5 31. Ra1 Ra8 32. a6 Rxd5 33. a7 Nc6 34. b4 Rxf5+ 35. Kg2 Re5 36. Bf1 Nxa7 37. Raxa7 Rc8 38. Rc7 Rb8 39. Ra2 Rxb4 1/2-1/2

[Event "Netanya op"]
[Site "Netanya"]
[Date "2019.06.30"]
[Round "7"]
[White "Cohen, Elad"]
[Black "Lifshits, Raz"]
[Result "0-1"]
[WhiteElo "2019"]
[BlackElo "1751"]
[PlyCount "104"]
[EventDate "2019.06.23"]
[EventType "swiss"]
[EventRounds "9"]
[EventCountry "ISR"]
[SourceTitle "CBM 191 Extra"]
[Source "ChessBase"]
[SourceDate "2019.09.30"]
[SourceVersion "1"]
[SourceVersionDate "2019.09.30"]
[SourceQuality "1"]

1. e4 d6 2. d4 g6 3. Nf3 Bg7 4. Bc4 Nf6 5. Qe2 c6 6. Bb3 0-0 7. 0-0 Qc7 8. Rd1 e5 9. dxe5 dxe5 10. Bg5 Nbd7 11. Nbd2 Nc5 12. Qe3 Nxb3 13. axb3 Ng4 14. Qc3 f6 15. Be3 Nxe3 16. Qxe3 b6 17. Nc4 Be6 18. Qc3 Rad8 19. Ne3 Kh8 20. b4 f5 21. Ng5 Bg8 22. b5 Qe7 23. Nxh7 Kxh7 24. bxc6 Rxd1+ 25. Rxd1 Qc5 26. Qxc5 bxc5 27. exf5 gxf5 28. c7 Rc8 29. Rd7 Be6 30. Re7 f4 31. Nd1 Bf5 32. Nc3 Kg6 33. h4 Bf6 34. Nd5 Bxe7 35. Nxe7+ Kf6 36. Nxc8 Bxc8 37. g3 Ke7 38. h5 Kf6 39. f3 fxg3 40. Kg2 Kg5 41. Kxg3 Kxh5 42. f4 Kg6 43. fxe5 Kf5 44. c3 a5 45. Kf3 Kxe5 46. Ke3 Kd5 47. Kd3 Bf5+ 48. Ke3 Kc4 49. b4 a4 50. Kd2 a3 51. Kc1 Kxc3 52. bxc5 a2 0-1

[Event "Netanya op"]
[Site "Netanya"]
[Date "2019.06.25"]
[Round "3"]
[White "Cohen, Elad"]
[Black "Rozen, Eytan"]
[Result "1/2-1/2"]
[WhiteElo "2019"]
[BlackElo "2317"]
[PlyCount "158"]
[EventDate "2019.06.23"]
[EventType "swiss"]
[EventRounds "9"]
[EventCountry "ISR"]
[SourceTitle "CBM 191 Extra"]
[Source "ChessBase"]
[SourceDate "2019.09.30"]
[SourceVersion "1"]
[SourceVersionDate "2019.09.30"]
[SourceQuality "1"]

1. e4 c6 2. Nf3 d5 3. Nc3 Bg4 4. h3 Bxf3 5. Qxf3 e6 6. d4 Nf6 7. exd5 cxd5 8. Bg5 Be7 9. Bb5+ Nc6 10. 0-0 0-0 11. Bxc6 bxc6 12. Ne2 Qb6 13. b3 c5 14. c3 Rfc8 15. Rac1 c4 16. Rb1 Qa6 17. bxc4 Rxc4 18. Bxf6 Bxf6 19. Rb2 Ra4 20. Qf4 h6 21. Qd2 Rc8 22. f4 g6 23. g4 Rac4 24. Rfb1 Qa3 25. Rb4 Rxc3 26. Nxc3 Rxc3 27. R4b3 Qa4 28. Rxc3 Qxd4+ 29. Qxd4 Bxd4+ 30. Kf1 Bxc3 31. f5 exf5 32. gxf5 g5 33. Rb7 a5 34. Rd7 d4 35. h4 gxh4 36. Rd6 Kg7 37. Kg2 Be1 38. Kh3 Bf2 39. Rd5 Kf6 40. Rxa5 Kg5 41. Kg2 Be1 42. Rd5 d3 43. Rxd3 Kxf5 44. Rf3+ Ke4 45. Rxf7 Kd5 46. Rc7 Ba5 47. Rb7 Kc6 48. Rb3 Bd8 49. Kh3 Bb6 50. Kxh4 Kb7 51. Kg4 Ka7 52. Kf5 Bf2 53. Ke4 h5 54. Kd5 h4 55. Kc6 Bg3 56. Kb5 Kb7 57. Rf3 Bh2 58. a4 Bg1 59. Rf7+ Kb8 60. Ka6 h3 61. Rf8+ Kc7 62. Rh8 h2 63. a5 Be3 64. Rxh2 Kb8 65. Rh8+ Kc7 66. Kb5 Kb7 67. Rg8 Ka7 68. Rg6 Bd4 69. Rd6 Bf2 70. Rd7+ Kb8 71. Kc6 Be3 72. Rb7+ Ka8 73. Re7 Bf2 74. Kb5 Kb8 75. a6 Ka8 76. Re8+ Ka7 77. Kc6 Bd4 78. Re7+ Ka8 79. Rb7 Bf2 1/2-1/2

[Event "EU-ch U10 27th"]
[Site "Mamaia"]
[Date "2017.09.08"]
[Round "4"]
[White "Makkar, Rajat"]
[Black "Cohen, Elad"]
[Result "1-0"]
[WhiteElo "1880"]
[BlackElo "1668"]
[PlyCount "129"]
[EventDate "2017.09.05"]
[EventType "swiss"]
[EventRounds "9"]
[EventCountry "ROU"]
[SourceTitle "CBM 180 Extra"]
[Source "ChessBase"]
[SourceDate "2017.10.06"]
[SourceVersion "1"]
[SourceVersionDate "2017.10.06"]
[SourceQuality "1"]

1. d4 Nf6 2. c4 e6 3. Nf3 Bb4+ 4. Bd2 Qe7 5. a3 Bxd2+ 6. Qxd2 b6 7. Nc3 Bb7 8. g3 d6 9. Bg2 Nbd7 10. 0-0 0-0 11. Rfe1 Rad8 12. e4 Rfe8 13. Qg5 e5 14. Rad1 Qf8 15. d5 h6 16. Qd2 a6 17. b4 g5 18. Rc1 a5 19. Nb5 Rc8 20. Qb2 axb4 21. axb4 c6 22. Na7 Rc7 23. Ra1 Ra8 24. Nd2 Nb8 25. Reb1 Bc8 26. Nxc8 Rxa1 27. Qxa1 Qxc8 28. Qa8 cxd5 29. exd5 Na6 30. Qxc8+ Rxc8 31. Bh3 Rb8 32. Bf1 Nd7 33. Ne4 b5 34. cxb5 Nc7 35. Nc3 Nb6 36. Rd1 Rc8 37. Bh3 Ra8 38. Rc1 Ra3 39. Bg2 Rb3 40. Bf1 Rxb4 41. Na2 Rb2 42. Rxc7 Rxa2 43. Rc6 Nxd5 44. Rxd6 Nb4 45. b6 Ra8 46. b7 Rb8 47. Bg2 Kg7 48. Rb6 Nd3 49. Ra6 Nc5 50. Ra8 Rxb7 51. Bxb7 Nxb7 52. Re8 Kf6 53. Rb8 Nc5 54. Rb6+ Kg7 55. Rb5 Nd7 56. Rd5 Nf6 57. Rxe5 Kg6 58. Ra5 Nd7 59. Rd5 Nf6 60. Rd6 Kf5 61. Ra6 h5 62. f3 g4 63. f4 Ng8 64. Ra5+ Kg6 65. Rg5+ 1-0

[Event "EU-ch U10 27th"]
[Site "Mamaia"]
[Date "2017.09.07"]
[Round "3"]
[White "Cohen, Elad"]
[Black "Kovalskyi, Roman"]
[Result "1-0"]
[WhiteElo "1668"]
[BlackElo "1513"]
[PlyCount "51"]
[EventDate "2017.09.05"]
[EventType "swiss"]
[EventRounds "9"]
[EventCountry "ROU"]
[SourceTitle "CBM 180 Extra"]
[Source "ChessBase"]
[SourceDate "2017.10.06"]
[SourceVersion "1"]
[SourceVersionDate "2017.10.06"]
[SourceQuality "1"]

1. e4 c5 2. Nf3 g6 3. d4 cxd4 4. Qxd4 Nf6 5. e5 Nc6 6. Qa4 Nd5 7. Qe4 Ndb4 8. Bb5 a6 9. Bxc6 Nxc6 10. Bf4 Bg7 11. Nc3 0-0 12. 0-0-0 b5 13. h4 Bb7 14. Qd3 Bc8 15. h5 b4 16. Ne2 Qa5 17. hxg6 fxg6 18. Rxh7 Kxh7 19. Ng5+ Kg8 20. Qxg6 Rxf4 21. Nxf4 Nxe5 22. Qh7+ Kf8 23. Rd5 Qxa2 24. Nfe6+ Ke8 25. Qg8+ Bf8 26. Qxf8# 1-0

[Event "EU-ch U08 26th"]
[Site "Prague"]
[Date "2016.08.21"]
[Round "4"]
[White "Cohen, Elad"]
[Black "Warchol, Kamil"]
[Result "1-0"]
[WhiteElo "1456"]
[BlackElo "1202"]
[PlyCount "45"]
[EventDate "2016.08.18"]
[EventType "swiss"]
[EventRounds "9"]
[EventCountry "CZE"]
[SourceTitle "CBM 174 Extra"]
[Source "ChessBase"]
[SourceDate "2016.10.10"]
[SourceVersion "1"]
[SourceVersionDate "2016.10.10"]
[SourceQuality "1"]

1. e4 e5 2. Nf3 Nc6 3. Bb5 a6 4. Bxc6 dxc6 5. Nc3 Bd6 6. d4 exd4 7. Qxd4 Be6 8. Qxg7 Qf6 9. Qxf6 Nxf6 10. e5 Be7 11. exf6 Bxf6 12. Bd2 Rg8 13. 0-0-0 Rxg2 14. Rhg1 Bh3 15. Rxg2 Bxg2 16. Rg1 Kd7 17. Rxg2 Re8 18. Ng5 Bxg5 19. Rxg5 Re6 20. Rg7 Rf6 21. Be3 Ke6 22. Ne4 Rg6 23. Rxg6+ 1-0